000 00692nam a2200241 i 4500
001 10816
003 ES-MaACL
005 20240510063017.0
007 t|
008 951106s1995 sp ||||1| spa d
020 _a8486351669
080 _a860-14"19"
100 1 _aRegalado, José Manuel.
_995866
245 1 0 _aDimensión de la orgía /
_cJosé Manuel Regalado.
250 _a[1ª ed.].
260 _aHumanes, Madrid :
_bJuan Pastor,
_c1995.
300 _a99 p. ;
_c20 cm.
490 1 _aDevenir. Serie Poesía ;
_v86
830 0 0 _aDevenir.
_pSerie Poesía ;
_v86
_9236243
852 _aES-MaACL
_jP-1931 N 86
_bR.124268
_911113
942 _2udc
999 _c10816
_d10816